zpět

Detail výsledku týmu

Bar U Souseda, Plzeň

Datum a čas kvízu

27 Celkem bodů Celkový počet nahraných bodů na tomto kvízu bez doplňovacích otázek.
7. Pořadí na kvízu Konečné umístění týmu na tomto kvízu.

Zaznamenané odpovědi

# Otázka Odpověď Body Výsledky
1. Plzeňské městské dopravní podn... Milostivé léto 0
2. Astronautům vracejícím se v mo... Porouchaný záchod. 1
3. Česká televize představila let... B 1
4. Český internetový prodejce, je... Notino 1
5. V pondělí začal v Praze světov... Billie Jean King Cup (Pohár Billie Jean Kingové) 0
6. Podíváme se mezi lékaře, kteří... Sám sobě vyoperoval slepé střevo (a přežil). 1
7. V roce 2017 byl na Harvardově... Bohdan Pomahač 1
8. Jednou z postav seriálu Futura... Zoidberg 1
9. Další z mnoha veřejně známých... A) plastická chirurgie 1
10. Chirurga Benjamina Franklina „... Woody Allen 0